00313nam a2200121Ia 4500008004100000041001200041082001600053100001600069245004900085260004200134300000800176650000700184221030s9999 xx 000 0 und d aEnglish a105.23bGup aJ. B. Gupta 2aA course in Electrical Powercby J. B. Gupta bS. K. Kataria & SonsaNew Delhic1999 a362 aEE